Normal view
MARC view
- Hafiz Umar Aslam
Entry Personal Name
001 - CONTROL NUMBER
- control field: 107115
003 - CONTROL NUMBER IDENTIFIER
- control field: NUST
005 - DATE AND TIME OF LATEST TRANSACTION
- control field: 20230119135853.0
008 - FIXED-LENGTH DATA ELEMENTS
- fixed length control field: 230119|| aca||aabn | a|a d
040 ## - CATALOGING SOURCE
- Original cataloging agency: NUST
- Transcribing agency: NUST
100 ## - HEADING--PERSONAL NAME
- Personal name: Hafiz Umar Aslam
670 ## - SOURCE DATA FOUND
- Source citation: Work cat.: (NUST): Hafiz Umar Aslam, TH-SOF-2122 Design and Development of Surface Based Active EMG Sensor for Biomedical Applications, 2022.
